Human resource management at work (Record no. 2087)
[ view plain ]
| 000 -LEADER | |
|---|---|
| fixed length control field | 01108ohm a22001572a 4500 |
| 050 ## - CALL NUMBER | |
| Classification number | HF5549.M37 |
| 100 ## - AUTHOR | |
| Personal name | Mick Marchington |
| 245 ## - TITLE | |
| Title | Human resource management at work |
| Remainder of title | People management and development |
| Statement of responsibility, etc | Mick Marchington; Adrian Wilkinson; |
| 250 ## - EDITION | |
| Edition statement | 4th ed. |
| 260 ## - PUBLICATION INFORMATION | |
| Place of publication | United Kingdom |
| Name of publisher | CIPD |
| Year of publication | 2011 |
| 300 ## - DESCRIPTION | |
| Number of Pages | xviii, 622 pages : illustrations ; 25 cm |
| 500 ## - NOTES | |
| General note | Previous edition: 2005 |
| 505 ## - FORMATTED CONTENTS NOTE | |
| Table of Content | PART 1: HRM, STRATEGY AND PERFORMANCE HRM, Strategy and the Global Context Forces Shaping HRM at Work High Commitment HRM and Performance Designing HRM to Fit Organisational Goals Changing Responsibilities for HRM PART 2: RESOURCING Staffing and Resourcing the Organisation Performance Management PART 3: DEVELOPMENT Vocational Education, Training and Skills Learning and Development at Work PART 4: RELATIONS Managing Worker Voice Procedures and Workplace Employee Relations PART 5: REWARD Motivation and Pay Systems Equity and Fairness in Reward Management PART 6: RESEARCH AND CHANGE MANAGEMENT SKILLS Research and Change Management Skills. |
| 700 ## - OTHER AUTHORS | |
| Personal name | Marchington |
| 942 ## - ADDED ENTRY ELEMENTS (KOHA) | |
| Koha item type | Books |
| Withdrawn status | Lost status | Collection code | Home library | Current library | Shelving location | Date acquired | Full call number | Accession Number | Koha item type |
|---|---|---|---|---|---|---|---|---|---|
| Reference | Methodist University Library Main | Methodist University Library Main | General Stacks | 31/01/2013 | HF5549.M37 | 38703 | Books | ||
| Non-fiction | Methodist University Library Main | Methodist University Library Main | General Stacks | 31/01/2013 | HF5549.M37 | 30595 | Books | ||
| Reference | Methodist University Library Main | Methodist University Library Main | General Stacks | 31/01/2013 | HF5549.M37 | 38705 | Books | ||
| Reference | Methodist University Library Main | Methodist University Library Main | General Stacks | 31/01/2013 | HF5549.M37 | 30739 | Books | ||
| Reference | Methodist University Library Main | Methodist University Library Main | General Stacks | 31/01/2013 | HF5549.M37 | 38704 | Books | ||
| Non-fiction | Methodist University Library Main | Methodist University Library Main | General Stacks | 31/01/2013 | HF5549.M37 | 30657 | Books |